Harry Potter Trivia #L - Statistics

General Stats
  • This quiz has been taken 45 times
  • The average score is 9 of 15
Answer Stats
Hint Answer % Correct
Ravenclaw friend of Harrys Luna Lovegood
100%
Harrys mother Lily Potter
95%
Father of Draco Lucius Malfoy
95%
Pub in Diagon Alley Leaky Cauldron
78%
Gryffindor girl in Harrys year Lavender Brown
76%
Harrys scar is of this form Lightning bolt
71%
Lockharts favorite colour Lilac
71%
Brothers from this family were arrested for the torture of the Longbottoms Lestrange
66%
Village where Harry grew up Little Whinging
56%
Scotland suffered a humiliating defeat to this nation in the 1994 World Cup Luxembourg
32%
Dumbledore himself has a scar and finds it quite useful. What is it of? London Underground
29%
Dumbledores favourite muggle sweets Lemon drops
27%
The art of penetrating ones mind Legilimency
24%
Lord Voldemort comes back to life on the graveyard of this village Little Hangleton
22%
Curse that sticks a victim's tongue to the roof of their mouth Langlock
17%
No matching quizzes found
Score Distribution
Percent of People with Each Score
Percentile by Number Answered
Your Score History
You have not taken this quiz